000
00334nam a2200133Ia 4500
008
240624s9999 xx 000 0 und d
041
_a
eng
082
_a
658.8 BUS
100
_a
BUSINESSWORLD
245
_a
MARKETING WHITEBOOK 2007 2008 THE MARKET
260
_c
2007
_a
New Delhi
_b
Businessworld
300
_a
326 : p.
365
_c
RS
_b
20
999
_c
6915
_d
6915